Sports Quiz

Random Sports or Hockey Quiz

Blackboard Blitz: NHL Teams Quiz Stats

 Plays Quiz Updated Feb 27, 2018

Challenge
Share
Tweet
Score 0/13 Timer 01:00
2 Plays Today
% Correct
Raiders
94.6%
Bears
94.5%
Hornets
94.5%
Tigers
93.9%
Twins
93.9%
Chiefs
93.5%
Browns
92.9%
Titans
92.7%
Pirates
92.6%
Magic
92.1%
Nationals
91%
Thunder
90.5%
Raptors
86.9%

You're not logged in!

Compare scores with friends on all Sporcle quizzes.
OR
Log In

You Might Also Like...

Show Comments

Extras

Top Quizzes Today


Score Distribution

Your Account Isn't Verified!

In order to create a playlist on Sporcle, you need to verify the email address you used during registration. Go to your Sporcle Settings to finish the process.

Report this User

Report this user for behavior that violates our Community Guidelines.

Details: